U.S. stores by their U.K. counterparts - Statistics

General Stats
  • This quiz has been taken 25 times
  • The average score is 5 of 10
Answer Stats
Hints Answer % Correct
ASDA Walmart
96%
TK Maxx TJ Maxx
70%
Smyths Toys Toys R Us
65%
Boots WalgreensCVS Rite-aid
57%
Poundland Dollar Store
48%
Sports Direct Dicks Sporting GoodsAcademy Sports & Outdoors
43%
Wilko HomedepotLowes
30%
Argos BestBuy
17%
Debenhams Kohls
13%
Primark Old Navy
13%
No matching quizzes found
Score Distribution
Percent of People with Each Score
Percentile by Number Answered
Your Score History
You have not taken this quiz